| Tag |
First Indicator |
Second Indicator |
Subfields |
| LEADER |
00000cgm a2200000Mi 4500 |
| 001 |
in00005534921 |
| 006 |
m o c |
| 007 |
vz |zazu| |
| 007 |
cr |n|---||a|a |
| 008 |
080405s2010 vau122 g o vleng d |
| 005 |
20241201225431.0 |
| 035 |
|
|
|a (OCoLC)ocn733446073
|
| 040 |
|
|
|a ALSTP
|b eng
|e pn
|c ALSTP
|d OCLCQ
|d VMC
|d OCLCQ
|d OCLCF
|d OCLCO
|d OCLCQ
|d HF9
|d OCLCQ
|d ICG
|d WYU
|d YOU
|d UPM
|d OCLCO
|d OCLCL
|
| 019 |
|
|
|a 1096564291
|
| 035 |
|
|
|a (OCoLC)733446073
|z (OCoLC)1096564291
|
| 050 |
|
4 |
|a BV4012.27
|b .N3 2010
|
| 050 |
|
4 |
|a AE5
|b .A930 Internet
|
| 049 |
|
|
|a TXAM
|
| 245 |
0 |
0 |
|a Narrative mediation with couples.
|
| 260 |
|
|
|a Alexandria, VA :
|b Alexander Street Press,
|c 2010.
|
| 300 |
|
|
|a 1 online resource (122 min.)
|
| 336 |
|
|
|a two-dimensional moving image
|b tdi
|2 rdacontent
|
| 337 |
|
|
|a computer
|b c
|2 rdamedia
|
| 338 |
|
|
|a online resource
|b cr
|2 rdacarrier
|
| 520 |
|
|
|a A divorcing couple come to Dr. Monk to negotiate a custody arrangement for their 5 year old son. The mother is concerned with the father's parenting skills given his recent affair and drug experimentation, and lacks trust that he will be a responsible parent to their son. Dr. Monk skillfully uses Narrative Mediation in their mediation session, by understanding the problem saturated story, externalizing, mapping the effects, scaling questions, scaffolding the alternative story and more.
|
| 521 |
|
|
|a For professional psychology therapists and psychology students.
|
| 546 |
|
|
|a English.
|
| 588 |
0 |
|
|a Print version record.
|
| 650 |
|
0 |
|a Mediation.
|
| 650 |
|
6 |
|a Médiation.
|
| 650 |
|
7 |
|a Mediation.
|2 fast
|0 (OCoLC)fst01013617
|
| 653 |
|
0 |
|a Divorce
|
| 655 |
|
0 |
|a Educational.
|
| 655 |
|
4 |
|a Streaming videos.
|
| 655 |
|
7 |
|a Educational.
|2 lcgft
|
| 758 |
|
|
|i has work:
|a Narrative mediation with couples (MovingImage)
|1 https://id.oclc.org/worldcat/entity/E39PCGhpvMpwCKfcGyWgjc8yFq
|4 https://id.oclc.org/worldcat/ontology/hasWork
|
| 830 |
|
0 |
|a Counseling and therapy in video.
|
| 856 |
4 |
0 |
|u http://proxy.library.tamu.edu/login?url=https://www.aspresolver.com/aspresolver.asp?AVN2;1779129
|z Connect to this streaming video (Alexander Street Press)
|t 0
|
| 955 |
|
|
|a Alexander Street Press subscription streaming video
|
| 994 |
|
|
|a 92
|b TXA
|
| 999 |
f |
f |
|s 6c23643e-bc2a-48d2-b0d4-3d173e3d08de
|i c3755b5f-790f-4809-81ca-6c3f03f201c5
|t 0
|
| 952 |
f |
f |
|a Texas A&M University
|b College Station
|c Electronic Resources
|d Available Online
|t 0
|e BV4012.27AE5 .N3 2010.A930 Internet
|h Library of Congress classification
|
| 998 |
f |
f |
|a BV4012.27AE5 .N3 2010.A930 Internet
|t 0
|l Available Online
|